Problems and priorities in Egyptian archaeology /

Saved in:

Other Authors: Assmann, Jan., Burkard, Günter., Davies, Vivian.

Format: Book

Language: English
German
French

Published: London ; New York : KPI, 1987.

Series: Studies in Egyptology.

Subjects:

Tags: Add Tag

No Tags, Be the first to tag this record!

Call Number: DT56.9 .P75 1987

LEADER 00971namaa2200313 4500
001 18967
003 OSt
005 20260330070000.0
008 130303s1987 enkaf b 000 0 eng d
010 |a 88179072 
020 |a 0710301901 
040 |c ARCE Library 
041 0 |a eng  |a ger  |a fre 
043 |a f-ua--- 
050 4 |a DT56.9 .P75 1987 
245 0 0 |a Problems and priorities in Egyptian archaeology /   |c edited by Jan Assmann, Günter Burkard, and Vivian Davies. 
264 1 |a London ;   |a New York :   |b KPI,   |c 1987. 
300 |a 311 pages, [32] pages of plates :   |b illustrations ;   |c 25 cm. 
490 0 |a Studies in Egyptology. 
504 |a Includes bibliographical references. 
546 |a English, German, and French. 
650 0 |a Excavations (Archaeology)  |z Egypt. 
651 0 |a Egypt  |x Antiquities. 
700 1 |a Assmann, Jan. 
700 1 |a Burkard, Günter.  |9 27536 
700 1 |a Davies, Vivian. 
901 |a reviewed 
942 |c BK  |2 lcc 
999 |c 16011  |d 16011